Statistiques concernant Pays qui battent la Norvège

Cliquez ici pour prendre le quiz!

Statistiques générales

  • Ce quiz a été pris 322 fois
    (220 depuis la dernière actualisation)
  • Le résultat moyen est 11 sur 18

Statistiques - réponses

RangCatégoriePays% Correct
6Le plus grand pays Européen par superficieRussie | Ukraine | France | Espagne | Suède
100%
6Le plus riche d'EuropeMonaco | Liechtenstein | Luxembourg | Irlande | Suisse
94%
4Le plus froidCanada | Russie | Mongolie
89%
2Production de pétrole la plus élevée en EuropeRussie
76%
7 (t)Espérance de vie la plus élevée d'EuropeMonaco | Saint Marin | Suisse + 3 autres
71%
2Le pays le moins densément peuplé d'EuropeIslande
70%
2Le plus cherSuisse
66%
14PIB total le plus élevé d'OTANÉtats-Unis | Allemagne | France + 10 autres
65%
10Le pourcentage du PIB le plus élevé consacré à la défense dans l'OTANÉtats-Unis | Grèce | Royaume-Uni + 6 autres
65%
4Les personnes les plus grandes en moyennePays-Bas | Monténégro | Danemark
64%
2Le plus long littoralCanada
61%
9 (11)Milliardaires par habitantMonaco | Saint-Christophe-et-Niévès | Liechtenstein + 5 autres
58%
4La plus grande population suédoise (en dehors de la Suède)États-Unis | Espagne | Royaume-Uni
37%
2Exporte la plupart des poissons fraisChine
36%
2La plupart des îles habitéesIndonesie
34%
7 (11)Nombre d'utilisateurs de l'Internet (% de la population)Andorre | Islande | Liechtenstein + 3 autres
33%
10 (11)Exports par habitantLiechtenstein | Singapour | Qatar + 6 autres
29%
2La plupart des îlesSuède
29%

Distribution des résultats

Percentile par nombre de réponses

% des personnes avec chaque résultat

Votre développement - résultats

Vous n’avez pas pris ce quiz depuis la dernière actualisation